000
00331nam a2200133Ia 4500
008
220204s9999 xx 000 0 und d
082
_a
631.1
_b
MIL
100
_a
Miller, Audrey
245
0
_a
Successful farm management
260
_a
Australia
_b
Pergamon
_c
1973
650
_a
Farm management
700
_a
Miller, Ron
942
_c
BK
999
_c
24615
_d
24615